Catalina de Rusia / (Record no. 176996)

MARC details
000 -CABECERA
campo de control de longitud fija 00660nam a2200217 u 4500
005 - FECHA Y HORA DE LA ÚLTIMA TRANSACCIÓN
campo de control 20210223132704.0
008 - ELEMENTOS DE LONGITUD FIJA--INFORMACIÓN GENERAL
campo de control de longitud fija 150806s1974 r 000 0 eng d
020 ## - NÚMERO INTERNACIONAL NORMALIZADO PARA LIBROS
Número Internacional Estándar del Libro 8422504219
035 ## - NÚMERO DE CONTROL DEL SISTEMA
Número de control de sistema UPN01000204895
049 ## - COLECCIÓN
Colección CG
050 #4 - SIGNATURA TOPOGRÁFICA DE LA BIBLIOTECA DEL CONGRESO
Número de clasificación DK169
Número de documento/Ítem N4.2
100 1# - ASIENTO PRINCIPAL--NOMBRE PERSONAL
Nombre de persona Nekrasof, Demetrio
9 (RLIN) 38017
245 10 - MENCIÓN DE TÍTULO
Título Catalina de Rusia /
Mención de responsabilidad, etc. Demetrio Nekrasof.
260 ## - PUBLICACIÓN, DISTRIBUCIÓN, ETC.
Lugar de publicación, distribución, etc. Madrid :
Nombre del editor, distribuidor, etc. Ferni-Genève,
Fecha de publicación, distribución, etc. 1974.
300 ## - DESCRIPCIÓN FÍSICA
Extensión 249 p. :
Otras características físicas il.
440 #0 - MENCIÓN DE SERIE/ASIENTO SECUNDARIO--TÍTULO
Título Círculo de amigos de la historia ;
Designación de volumen o secuencia 1
600 04 - ASIENTO SECUNDARIO DE MATERIA - NOMBRE PERSONAL
Nombre de persona CATALINA
Numeración II,
Títulos y otros términos asociados al nombre EMPERATRIZ DE RUSIA,
Fechas asociadas al nombre 1729-1796
9 (RLIN) 22488
651 #4 - ASIENTO SECUNDARIO DE MATERIA - NOMBRE GEOGRAFICO
Nombre geográfico RUSIA -
Subdivisión general HISTORIA -
Subdivisión cronológica CATALINA II, 1762-1796
9 (RLIN) 22489
905 ## - TIPO DE MATERIAL
Tipo de material Libro
Holdings
Estado de retiro Estado de pérdida Fuente del sistema de clasificación o colocación Estado dañado No para préstamo Código de colección Localización permanente Ubicación/localización actual Ubicación en estantería Fecha de adquisición Total de préstamos Clasificación Código de barras Fecha visto por última vez Fecha del último préstamo Número de copia Tipo de ítem Koha
    Library of Congress Classification     Colección General Bib. Gregorio Torres Quintero Bib. Gregorio Torres Quintero Planta baja 03/02/2023 2 DK169 N4.2 305342 08/02/2023 03/02/2023 1 Libro